[Event "32nd ECC Women 2016"]
[Site "Novi Sad SRB"]
[Date "2016.11.11"]
[Round "6.4"]
[Board "4"]
[White "Hojjatova, Aydan"]
[Black "Serbanescu, Diana-Maria"]
[Result "1-0"]
[WhiteTitle "WFM"]
[WhiteElo "2316"]
[BlackElo "1989"]
[WhiteTeam "Odlar Yurdu"]
[BlackTeam "Midland Monarchs"]
[WhiteFideId "13401491"]
[BlackFideId "1200550"]
[EventDate "2016.11.06"]

1. e4 d6 2. d4 Nf6 3. Nc3 e5 4. Nf3 Nbd7 5. Bc4 Be7 6. O-O O-O 7. a4 c6 8. Re1
b6 9. Bg5 h6 10. Bxf6 Bxf6 11. d5 c5 12. Qe2 a6 13. Nd1 g6 14. Ne3 Bg7 15. Bd3
Nf6 16. Nd2 h5 17. Ra3 Bh6 18. Rb3 Qc7 19. h3 Kg7 20. Ndf1 Bd7 21. Ra3 b5 22. b3
c4 23. bxc4 Qc5 24. Rea1 bxa4 25. Nd1 Rfb8 26. Nc3 Rb4 27. Nd2 Bxd2 28. Qxd2
Rab8 29. Kh2 Nh7 30. Nxa4 Bxa4 31. Rxa4 Rxa4 32. Rxa4 Ra8 33. Ra5 Qb6 34. f3 Nf6
35. c5 dxc5 36. Qc3 Nd7 37. Bb5 Qxb5 38. Rxb5 axb5 39. Qd3 Ra5 40. Kg1 Ra1+ 41.
Kh2 Ra5 42. f4 f6 43. f5 g5 44. d6 b4 45. Qd5 Ra7 46. Qe6 h4 47. Kg1 Nf8 48. Qc8
Nd7 49. Kf2 Kh7 50. Kf3 Kg7 51. Kg4 Kh7 52. Kh5 Kg7 53. Qd8 Nf8 54. Qc7+ 1-0

[Event "32nd ECC Women 2016"]
[Site "Novi Sad SRB"]
[Date "2016.11.11"]
[Round "6.5"]
[Board "1"]
[White "Galliamova, Alisa"]
[Black "Berzina, Ilze"]
[Result "1-0"]
[WhiteTitle "IM"]
[BlackTitle "WGM"]
[WhiteElo "2434"]
[BlackElo "2283"]
[WhiteTeam "Ladya Kazan"]
[BlackTeam "Kaunas CC Margiris"]
[WhiteFideId "4129725"]
[BlackFideId "11601345"]
[EventDate "2016.11.06"]

1. d4 d5 2. c4 c6 3. Nf3 Nf6 4. g3 g6 5. Bg2 Bg7 6. O-O O-O 7. cxd5 cxd5 8. Ne5
Ne4 9. Qb3 Nc6 10. Rd1 Be6 11. Nxc6 bxc6 12. Nc3 Nxc3 13. bxc3 Rb8 14. Qa3 Rb7
15. Bf4 Bf5 16. Re1 e5 17. Bxe5 Bxe5 18. dxe5 Re8 19. Qc5 Rxe5 20. Qxc6 Rc7 21.
Qa6 Rxc3 22. Qxa7 Qe8 23. e3 Re7 24. Qb6 Re6 25. Qd4 Rd3 26. Qb4 Re4 27. Bxe4
Bxe4 28. Rad1 Rxd1 29. Rxd1 Qc8 30. f3 Bxf3 31. Rb1 Qe6 32. Qb8+ Kg7 33. Qb6 Qe7
34. Qd4+ f6 35. a4 Be4 36. Rf1 Qa3 37. Qxf6+ Kh6 38. Qf8+ 1-0

[Event "32nd ECC Women 2016"]
[Site "Novi Sad SRB"]
[Date "2016.11.11"]
[Round "6.5"]
[Board "2"]
[White "Sibajeva, Marija"]
[Black "Ambartsumova, Karina"]
[Result "0-1"]
[WhiteTitle "WCM"]
[BlackTitle "WGM"]
[WhiteElo "1869"]
[BlackElo "2288"]
[WhiteTeam "Kaunas CC Margiris"]
[BlackTeam "Ladya Kazan"]
[WhiteFideId "12807583"]
[BlackFideId "4166299"]
[EventDate "2016.11.06"]

1. e4 c5 2. Nf3 a6 3. c4 Nc6 4. d4 cxd4 5. Nxd4 e5 6. Nxc6 bxc6 7. Nc3 Nf6 8. a3
Bc5 9. Be2 O-O 10. Be3 Bxe3 11. fxe3 d6 12. O-O Be6 13. Qe1 Qe7 14. Rd1 Rfd8 15.
Rd2 Nd7 16. Na4 a5 17. Qc1 Nf6 18. Bf3 c5 19. Qc3 Qc7 20. Qd3 Rab8 21. Rb1 Qc6
22. Nc3 Ne8 23. a4 Rb3 24. Bd1 Rb7 25. Nb5 Rb6 26. Bc2 Qd7 27. Qc3 Ra6 28. Rf1
Qe7 29. b3 Bd7 30. Ra1 Bc6 31. Rad1 Bb7 32. Qd3 Qh4 33. g3 Qg4 34. Qe2 Qg5 35.
Qf3 Bc8 36. Rf1 Nf6 37. Nc7 Bg4 38. Qf2 Ra7 39. Nb5 Rad7 40. h4 Qg6 41. Nc3 Be6
42. Re1 Rf8 43. Qg2 Ng4 44. Nb5 Rfd8 45. Qf3 Qh6 46. Bd1 g5 47. Qh1 Qg6 48. Bxg4
Bxg4 49. hxg5 Qxg5 50. Rf2 Kg7 51. Nc3 Rb7 52. Nb5 h5 53. Qh4 f6 54. Ref1 Qxh4
55. gxh4 Bh3 56. Rd1 Rbd7 57. Rd3 Kf7 58. Kh2 Bg4 59. Rc3 Ke6 60. Rc1 Rf8 61.
Rcf1 Rdf7 62. Rd2 Rd8 63. Rdf2 Rdd7 64. Kg3 f5 65. exf5+ Bxf5 66. e4 Rg7+ 67.
Kf3 Bh3 68. Rh1 Bg2+ 0-1

[Event "32nd ECC Women 2016"]
[Site "Novi Sad SRB"]
[Date "2016.11.11"]
[Round "6.5"]
[Board "3"]
[White "Nebolsina, Vera"]
[Black "Gailiunaite, Saule"]
[Result "1-0"]
[WhiteTitle "WGM"]
[WhiteElo "2178"]
[BlackElo "1804"]
[WhiteTeam "Ladya Kazan"]
[BlackTeam "Kaunas CC Margiris"]
[WhiteFideId "4163591"]
[BlackFideId "12807737"]
[EventDate "2016.11.06"]

1. d4 f5 2. Bf4 Nf6 3. e3 g6 4. h4 h6 5. Nh3 Bg7 6. Bh2 O-O 7. Nf4 Qe8 8. h5
gxh5 9. Be2 Ng4 10. Bg3 d6 11. Nc3 e5 12. dxe5 dxe5 13. Nxh5 Bh8 14. e4 f4 15.
Bxg4 fxg3 16. Nxg3 Qf7 17. Bf5 Bg7 18. Qg4 Nc6 19. Rxh6 Nd4 20. Nd5 Rd8 21. Rh8+
Kxh8 22. Qh4+ Kg8 23. Bh7+ Kf8 24. Qxd8+ Qe8 25. Qxe8+ Kxe8 26. O-O-O Ne6 27.
Bf5 Kf7 28. Bxe6+ Bxe6 29. Nxc7 Rf8 30. Nxe6 Kxe6 31. Nf5 Bf6 32. Rd6+ Kf7 33.
Rd7+ Kg6 34. Rxb7 Bg5+ 35. Kd1 Rd8+ 36. Ke1 Bd2+ 37. Ke2 Bc1 38. Ne7+ Kg5 39.
Nd5 Rc8 40. Kd1 Bf4 41. g3 1-0

[Event "32nd ECC Women 2016"]
[Site "Novi Sad SRB"]
[Date "2016.11.11"]
[Round "6.5"]
[Board "4"]
[White "Perminaite, Guoda"]
[Black "Markelova, Lubov"]
[Result "0-1"]
[BlackTitle "WFM"]
[WhiteElo "1762"]
[BlackElo "2133"]
[WhiteTeam "Kaunas CC Margiris"]
[BlackTeam "Ladya Kazan"]
[WhiteFideId "12808784"]
[BlackFideId "24131369"]
[EventDate "2016.11.06"]

1. e4 c5 2. c3 e6 3. d4 d5 4. exd5 exd5 5. Nf3 a6 6. Be3 c4 7. b3 cxb3 8. axb3
Nf6 9. Bd3 Bd6 10. h3 Nc6 11. Nbd2 O-O 12. O-O Bd7 13. Re1 h6 14. Rc1 Rc8 15.
Nf1 Re8 16. Bd2 Ne4 17. Ne3 Nxd2 18. Nxd2 Be6 19. Qf3 Qg5 20. Bf5 Bxf5 21. Qxf5
Qxf5 22. Nxf5 Bf4 23. Ne3 Re6 24. g3 Bxe3 25. fxe3 f5 26. Kf2 Kf7 27. Kf3 Kf6
28. Ra1 Rce8 29. h4 R6e7 30. Kf2 Rc7 31. Kf3 Rce7 32. Kf2 g6 33. Kf3 Na7 34. c4
Nc6 35. Kf2 Nb4 36. Re2 Nc2 37. Rae1 Nxe1 38. Rxe1 Rd8 39. c5 Rde8 40. b4 g5 41.
hxg5+ hxg5 42. Kf3 Rh8 43. Rf1 Reh7 44. Nb3 Rh2 45. Na5 g4+ 46. Kf4 Re8 0-1

[Event "32nd ECC Women 2016"]
[Site "Novi Sad SRB"]
[Date "2016.11.11"]
[Round "6.6"]
[Board "1"]
[White "Efroimski, Marsel"]
[Black "Zhukova, Natalia"]
[Result "1/2-1/2"]
[WhiteTitle "WGM"]
[BlackTitle "GM"]
[WhiteElo "2312"]
[BlackElo "2448"]
[WhiteTeam "Rishon Le Zion"]
[BlackTeam "Jelica PEP - Goracici"]
[WhiteFideId "2810964"]
[BlackFideId "14101513"]
[EventDate "2016.11.06"]

1. e4 e6 2. d4 d5 3. Nd2 Be7 4. Ngf3 Nf6 5. e5 Nfd7 6. Bd3 c5 7. c3 Nc6 8. O-O
g5 9. dxc5 g4 10. Nd4 Ndxe5 11. N2b3 Nxd3 12. Qxd3 e5 13. Nxc6 bxc6 14. Re1 f6
15. c4 Be6 16. cxd5 Bxd5 17. Bh6 Rb8 18. Qf5 Qd7 19. Rxe5 Qxf5 20. Rxf5 Kf7 21.
Be3 Rb4 22. Rf4 Rhb8 23. Rxb4 Rxb4 24. Rd1 f5 25. Rd4 Rb7 26. g3 Bf6 27. Rd2 Rb4
28. Nd4 Bxd4 29. Bxd4 Rc4 30. Bc3 Rxc5 31. Kf1 h5 32. Ke2 Rc4 33. Rd4 Rxd4 34.
Bxd4 Bxa2 1/2-1/2

[Event "32nd ECC Women 2016"]
[Site "Novi Sad SRB"]
[Date "2016.11.11"]
[Round "6.6"]
[Board "2"]
[White "Velikic, Adela"]
[Black "Mdivani, Maka"]
[Result "1-0"]
[WhiteElo "2207"]
[BlackElo "1958"]
[WhiteTeam "Jelica PEP - Goracici"]
[BlackTeam "Rishon Le Zion"]
[WhiteFideId "913553"]
[BlackFideId "2817691"]
[EventDate "2016.11.06"]

1. e4 c5 2. Nf3 e6 3. g3 d6 4. Bg2 Nf6 5. Qe2 Nc6 6. O-O Be7 7. c3 e5 8. h3 O-O
9. Rd1 Qc7 10. Na3 a6 11. d4 b5 12. Nc2 Re8 13. a4 Bd7 14. dxc5 dxc5 15. Ne3
bxa4 16. Nd5 Nxd5 17. exd5 Na5 18. Ng5 Nb7 19. d6 Nxd6 20. Bxa8 Rxa8 21. Qxe5
Bc6 22. Bf4 h6 23. Ne6 fxe6 24. Qxe6+ Kh8 25. Bxd6 Bxd6 26. Rxd6 Bb5 27. Qe5 Qf7
28. Qd5 Qxd5 29. Rxd5 c4 30. Re1 Kh7 31. Rd4 Rf8 32. f4 g5 33. Re7+ Kg6 34. Rd6+
Kf5 35. Re5# 1-0

[Event "32nd ECC Women 2016"]
[Site "Novi Sad SRB"]
[Date "2016.11.11"]
[Round "6.6"]
[Board "3"]
[White "Federovski, Adi"]
[Black "Eric, Jovana"]
[Result "0-1"]
[BlackTitle "WIM"]
[WhiteElo "1937"]
[BlackElo "2209"]
[WhiteTeam "Rishon Le Zion"]
[BlackTeam "Jelica PEP - Goracici"]
[WhiteFideId "2813777"]
[BlackFideId "938238"]
[EventDate "2016.11.06"]

1. e4 c5 2. Nf3 Nc6 3. d4 cxd4 4. Nxd4 e5 5. Nb5 d6 6. c4 Be7 7. N1c3 a6 8. Na3
Be6 9. Nc2 Nf6 10. Be2 O-O 11. O-O Rc8 12. Ne3 Nd4 13. Ned5 Bxd5 14. cxd5 Qb6
15. Kh1 Rc7 16. Bd3 Nd7 17. Na4 Qa7 18. Be3 Bf6 19. Qg4 b5 20. Nc3 Nc5 21. Rad1
g6 22. f4 b4 23. Ne2 h5 24. Qh3 Nxe2 25. Bxe2 exf4 26. Bxf4 Qb6 27. Be3 Be5 28.
Qh4 Qb8 29. Rf3 Qd8 30. Bg5 f6 31. Be3 Qc8 32. Rh3 Rh7 33. Bxc5 Qxc5 34. Bg4 Kh8
35. Be6 Bxb2 36. Qe1 Be5 37. Rc1 Qb6 38. Rb3 a5 39. a3 Rb7 40. axb4 axb4 41. Qd2
Kg7 42. Qc2 Bc3 43. Qd3 Ra8 44. Qc4 Qe3 45. Rbb1 Rba7 46. Rf1 Kh6 47. Qc6 Ra6
48. Qd7 Qxe4 49. Bf7 Ra1 50. Rxa1 Rxa1 51. Qb5 Qe1 0-1

[Event "32nd ECC Women 2016"]
[Site "Novi Sad SRB"]
[Date "2016.11.11"]
[Round "6.6"]
[Board "4"]
[White "Prudnikova, Svetlana"]
[Black "Vardi, Shlomit"]
[Result "1-0"]
[WhiteTitle "WGM"]
[WhiteElo "2296"]
[BlackElo "1889"]
[WhiteTeam "Jelica PEP - Goracici"]
[BlackTeam "Rishon Le Zion"]
[WhiteFideId "929700"]
[BlackFideId "2801442"]
[EventDate "2016.11.06"]

1. d4 Nf6 2. c4 g6 3. Nc3 Bg7 4. e4 d6 5. Be2 O-O 6. Nf3 e5 7. d5 Nbd7 8. Bg5 h6
9. Bh4 a6 10. Nd2 Qe8 11. g4 Nh7 12. Rc1 f6 13. Bg3 Rf7 14. Nf1 a5 15. Ne3 Nc5
16. h4 Rf8 17. h5 Ng5 18. hxg6 Ngxe4 19. Nxe4 Nxe4 20. Nf5 Bxf5 21. gxf5 Nxg3
22. fxg3 Qd7 23. g4 Rfe8 24. Rc3 Qe7 25. Kd2 e4 26. Kc2 Qe5 27. Qc1 Re7 28. Rch3
e3 29. Bd3 Qf4 30. Rf1 Qd4 31. Qe1 a4 32. a3 Ra6 33. Be2 c5 34. Qc3 Qe4+ 35. Qd3
Rb6 36. Qxe4 Rxe4 37. Re1 Rb3 38. Bd3 Rxg4 39. Rhxe3 Rg2+ 40. R1e2 Rxe2+ 41.
Rxe2 Kf8 42. Re6 Rb6 43. Be2 Ra6 44. Bd1 Bh8 45. Kd3 Bg7 46. Ke4 Kg8 47. Kf4 Kf8
48. Kg3 Kg8 49. Kg4 Kf8 50. Kh5 Kg8 51. Re8+ Bf8 52. Rxf8+ Kxf8 53. Kxh6 b6 54.
g7+ Kg8 55. Kg6 Ra7 56. Kxf6 Rxg7 57. Bxa4 Rg2 58. Ke7 Rxb2 59. Kxd6 Kf7 60. Kc6 1-0

[Event "32nd ECC Women 2016"]
[Site "Novi Sad SRB"]
[Date "2016.11.11"]
[Round "6.7"]
[Board "1"]
[White "Hapala, Elisabeth"]
[Black "Brunello, Marina"]
[Result "0-1"]
[WhiteTitle "WFM"]
[BlackTitle "FM"]
[WhiteElo "2042"]
[BlackElo "2349"]
[WhiteTeam "ASVOE Pamhagen"]
[BlackTeam "SS Lazio Scacchi"]
[WhiteFideId "1622080"]
[BlackFideId "822590"]
[EventDate "2016.11.06"]

1. e4 c5 2. Nf3 d6 3. d4 cxd4 4. Nxd4 Nf6 5. Nc3 a6 6. Be3 e5 7. Nb3 Be6 8. f3
h5 9. Qd2 Nbd7 10. Nd5 Nxd5 11. exd5 Bf5 12. Be2 g6 13. O-O a5 14. a4 Bg7 15.
Rac1 O-O 16. c4 b6 17. Na1 Nc5 18. b3 Re8 19. Qc3 e4 20. Bd4 Bxd4+ 21. Qxd4 exf3
22. Bxf3 Qg5 23. h4 Qe3+ 24. Qxe3 Rxe3 25. Bxh5 Bd3 26. Rf3 Re5 27. Bg4 Be2 28.
Rg3 Ne4 29. Bxe2 Nxg3 30. Bf3 Nf5 31. h5 gxh5 32. Bxh5 Nd4 33. Bg4 Rg5 34. Bd1
Re8 35. Kf2 Rge5 36. Nc2 Re2+ 37. Kg3 Rxc2 38. Rxc2 Nxc2 39. Bxc2 Re2 40. Bf5
Rb2 41. Bd7 Kg7 42. Kf3 Kf6 43. Be8 Rxb3+ 44. Kf4 Rb1 45. g4 Rf1+ 46. Kg3 Re1
47. Bb5 Kg5 48. Kf3 Rc1 0-1

[Event "32nd ECC Women 2016"]
[Site "Novi Sad SRB"]
[Date "2016.11.11"]
[Round "6.7"]
[Board "2"]
[White "Di Benedetto, Desiree"]
[Black "Mira, Helene"]
[Result "1/2-1/2"]
[WhiteTitle "WFM"]
[BlackTitle "WIM"]
[WhiteElo "2137"]
[BlackElo "2047"]
[WhiteTeam "SS Lazio Scacchi"]
[BlackTeam "ASVOE Pamhagen"]
[WhiteFideId "875813"]
[BlackFideId "1601601"]
[EventDate "2016.11.06"]

1. Nf3 d5 2. c4 c6 3. e3 Nf6 4. d4 Bf5 5. Nc3 e6 6. Bd3 Bg6 7. O-O Nbd7 8. Qe2
Bb4 9. Bd2 Bxd3 10. Qxd3 Ba5 11. b4 Bxb4 12. Nxd5 Bxd2 13. Nxf6+ Qxf6 14. Nxd2
O-O 15. Qb3 b6 16. Nf3 e5 17. Qc2 exd4 18. exd4 a5 19. Rab1 Rfe8 20. Rfe1 h6 21.
Qb2 Rab8 22. Qa3 Qg6 23. Rbc1 Re6 24. Rxe6 Qxe6 25. Qc3 Qd6 26. h3 a4 27. c5
bxc5 28. dxc5 Qd5 29. Nd4 Ne5 30. a3 Ng6 31. Qc4 Qe4 32. Nf3 Qf4 33. Qxf4 Nxf4
34. Rc4 Nd3 35. Rxa4 Rb1+ 36. Kh2 Nxc5 37. Rc4 Nd3 38. Rxc6 Ra1 39. Rc8+ Kh7 40.
Ra8 Nxf2 41. Kg3 Ra2 42. Ra7 Ne4+ 43. Kf4 Nd6 44. Kg3 Nb5 45. Rxf7 Rxa3 46. Rd7 1/2-1/2

[Event "32nd ECC Women 2016"]
[Site "Novi Sad SRB"]
[Date "2016.11.11"]
[Round "6.7"]
[Board "3"]
[White "Horvath, Maria"]
[Black "Santeramo, Alessia"]
[Result "1-0"]
[WhiteTitle "WFM"]
[BlackTitle "WFM"]
[WhiteElo "1975"]
[BlackElo "2097"]
[WhiteTeam "ASVOE Pamhagen"]
[BlackTeam "SS Lazio Scacchi"]
[WhiteFideId "1601660"]
[BlackFideId "850810"]
[EventDate "2016.11.06"]

1. d4 Nf6 2. c4 e6 3. Nc3 Bb4 4. e3 b6 5. Ne2 c5 6. a3 Ba5 7. Rb1 Na6 8. f3 O-O
9. e4 d5 10. e5 Ne8 11. cxd5 exd5 12. Ng3 Nec7 13. Be2 Ne6 14. Be3 Qh4 15. O-O
Nxd4 16. Bxd4 cxd4 17. Nb5 Qe7 18. Qxd4 Nb4 19. axb4 Bxb4 20. Kh1 Be6 21. Rbc1
Bc5 22. Qd2 a6 23. Nd4 Qh4 24. f4 g6 25. b4 Be7 26. Nc6 Kh8 27. Nxe7 Qxe7 28.
Qd4 Rg8 29. Qxb6 h5 30. Bf3 Rab8 31. Qc5 Qd7 32. Qd4 h4 33. Ne2 h3 34. gxh3 Bxh3
35. e6+ 1-0

[Event "32nd ECC Women 2016"]
[Site "Novi Sad SRB"]
[Date "2016.11.11"]
[Round "6.7"]
[Board "4"]
[White "Messina, Roberta"]
[Black "Kosc, Renata"]
[Result "0-1"]
[WhiteTitle "WFM"]
[WhiteElo "2082"]
[BlackElo "2016"]
[WhiteTeam "SS Lazio Scacchi"]
[BlackTeam "ASVOE Pamhagen"]
[WhiteFideId "819018"]
[BlackFideId "1602578"]
[EventDate "2016.11.06"]

1. e4 c5 2. Na3 e6 3. c3 d5 4. e5 a6 5. d4 cxd4 6. cxd4 Nc6 7. Nc2 Bd7 8. Nf3
Rc8 9. Bd2 Qb6 10. Bd3 Nb4 11. Nxb4 Bxb4 12. O-O Bxd2 13. Qxd2 f5 14. exf6 Nxf6
15. Ne5 Qd6 16. Rfe1 O-O 17. Qe3 Rfe8 18. Rac1 Bb5 19. Bb1 Qe7 20. a3 Nd7 21.
Qh3 Nf8 22. Rc3 Rxc3 23. Qxc3 Qf6 24. Re3 Ng6 25. Bxg6 hxg6 26. Rf3 Qg5 27. h3
Rf8 28. Rxf8+ Kxf8 29. Qf3+ Kg8 30. Qf7+ Kh7 31. g3 Qf5 32. Kg2 Qe4+ 33. Nf3 Be2
34. Qf4 Bxf3+ 35. Qxf3 Qxd4 36. Qf7 Qe4+ 37. Kg1 d4 38. h4 d3 39. h5 d2 40.
hxg6+ Qxg6 41. Qf3 Qb1+ 0-1

[Event "32nd ECC Women 2016"]
[Site "Novi Sad SRB"]
[Date "2016.11.12"]
[Round "7.1"]
[Board "1"]
[White "Hou, Yifan"]
[Black "Mammadzada, Gunay"]
[Result "1-0"]
[WhiteTitle "GM"]
[BlackTitle "WGM"]
[WhiteElo "2635"]
[BlackElo "2371"]
[WhiteTeam "Cercle d'Echecs Monte-Carlo"]
[BlackTeam "Odlar Yurdu"]
[WhiteFideId "8602980"]
[BlackFideId "13403729"]
[EventDate "2016.11.06"]

1. e4 c5 2. Nc3 d6 3. d4 cxd4 4. Qxd4 a6 5. Be3 Nc6 6. Qd2 Nf6 7. O-O-O e6 8.
Nf3 Be7 9. Bf4 Ng4 10. h3 Nge5 11. Nxe5 Nxe5 12. Be3 b5 13. f4 Nc6 14. h4 Qa5
15. Kb1 Bb7 16. Qf2 Qc7 17. g4 O-O 18. g5 b4 19. Na4 Na5 20. Bb6 Qc6 21. b3 Bd8
22. Rh2 Rb8 23. Qd4 Ba8 24. Bxd8 Rfxd8 25. Rhd2 Rdc8 26. Qxd6 Qxd6 27. Rxd6 Bxe4
28. R1d2 Nb7 29. R6d4 Bd5 30. Bxa6 Rc6 31. Bb5 Rc7 32. Nb6 Bc6 33. Bxc6 Rxc6 34.
Nd7 Ra8 35. Rxb4 Rc7 36. a4 Nc5 37. Nb6 1-0

[Event "32nd ECC Women 2016"]
[Site "Novi Sad SRB"]
[Date "2016.11.12"]
[Round "7.1"]
[Board "2"]
[White "Mammadova, Gulnar"]
[Black "Muzychuk, Anna"]
[Result "0-1"]
[WhiteTitle "WGM"]
[BlackTitle "GM"]
[WhiteElo "2364"]
[BlackElo "2561"]
[WhiteTeam "Odlar Yurdu"]
[BlackTeam "Cercle d'Echecs Monte-Carlo"]
[WhiteFideId "13403508"]
[BlackFideId "14111330"]
[EventDate "2016.11.06"]

1. e4 e5 2. Nf3 Nc6 3. Bc4 Bc5 4. O-O Nf6 5. d3 O-O 6. a4 d6 7. c3 a5 8. Na3 h6
9. Nc2 Ne7 10. Be3 Ng6 11. Re1 Bxe3 12. Nxe3 c6 13. Bb3 Re8 14. Bc2 d5 15. Nf5
Qc7 16. Ng3 dxe4 17. Nxe4 Nxe4 18. Rxe4 Bf5 19. Re3 Rad8 20. d4 Bxc2 21. Qxc2
exd4 22. Rxe8+ Rxe8 23. Nxd4 Nf4 24. g3 c5 25. Nb5 Qd7 26. Rd1 Re2 27. h4 Qc8
28. Na7 Nh3+ 29. Kf1 Rxc2 30. Nxc8 Rxf2+ 31. Ke1 Rxb2 32. Rd8+ Kh7 33. Nd6 Ng1
34. Nxf7 Nf3+ 35. Kf1 Nh2+ 36. Ke1 Nf3+ 37. Kf1 Nd2+ 38. Ke1 Ne4 39. h5 Rb1+ 40.
Ke2 Nxg3+ 41. Ke3 Nxh5 42. Rh8+ Kg6 43. Ne5+ Kf5 44. Nd3 b6 45. Rb8 c4 46. Nc5
Nf6 0-1

[Event "32nd ECC Women 2016"]
[Site "Novi Sad SRB"]
[Date "2016.11.12"]
[Round "7.1"]
[Board "3"]
[White "Muzychuk, Mariya"]
[Black "Kazimova, Narmin"]
[Result "1-0"]
[WhiteTitle "GM"]
[BlackTitle "WGM"]
[WhiteElo "2532"]
[BlackElo "2323"]
[WhiteTeam "Cercle d'Echecs Monte-Carlo"]
[BlackTeam "Odlar Yurdu"]
[WhiteFideId "14114550"]
[BlackFideId "13402951"]
[EventDate "2016.11.06"]

1. d4 Nf6 2. c4 b6 3. Nc3 d5 4. cxd5 Nxd5 5. Qa4+ c6 6. e4 Nxc3 7. bxc3 e6 8.
Nf3 Be7 9. Be2 O-O 10. O-O Bb7 11. Bf4 Nd7 12. c4 Re8 13. Rfd1 a6 14. Rab1 Qc8
15. Qb3 Bf8 16. c5 b5 17. e5 Be7 18. Nd2 Nf8 19. Ne4 Ng6 20. Bg3 Qd7 21. Nd6 Rf8
22. f4 a5 23. a4 b4 24. Bg4 Bxd6 25. cxd6 Rfc8 26. Rbc1 Nf8 27. Rf1 Ba6 28. Rfe1
Bb7 29. h3 g6 30. Bh4 h5 31. Bf3 Qe8 32. g4 hxg4 33. hxg4 Nh7 34. Kg2 Kg7 35.
Be7 Qd7 36. g5 Rh8 37. Rh1 Rae8 38. Bf6+ Nxf6 39. gxf6+ Kg8 40. Rxh8+ Kxh8 41.
Qe3 Kg8 42. f5 1-0

[Event "32nd ECC Women 2016"]
[Site "Novi Sad SRB"]
[Date "2016.11.12"]
[Round "7.1"]
[Board "4"]
[White "Hojjatova, Aydan"]
[Black "Cramling, Pia"]
[Result "0-1"]
[WhiteTitle "WFM"]
[BlackTitle "GM"]
[WhiteElo "2316"]
[BlackElo "2461"]
[WhiteTeam "Odlar Yurdu"]
[BlackTeam "Cercle d'Echecs Monte-Carlo"]
[WhiteFideId "13401491"]
[BlackFideId "1700030"]
[EventDate "2016.11.06"]

1. e4 c5 2. Nf3 Nc6 3. Bb5 e6 4. O-O Nge7 5. Re1 Nd4 6. Bf1 Nec6 7. d3 Nxf3+ 8.
Qxf3 Be7 9. Nc3 O-O 10. Bd2 d6 11. g3 Rb8 12. Bg2 b5 13. Qd1 b4 14. Ne2 a5 15.
Be3 Ba6 16. f4 Qd7 17. Qd2 Rfc8 18. Red1 Bf6 19. Rab1 Nd4 20. b3 a4 21. g4 axb3
22. axb3 Nxe2+ 23. Qxe2 Bb7 24. g5 Bc3 25. d4 cxd4 26. Bxd4 Ra8 27. Bxc3 Rxc3
28. Rd2 Qc7 29. Rbd1 g6 30. Qf2 Ra6 31. Bf1 Rac6 32. Bc4 Qb6 33. Qxb6 Rxb6 34.
Bd3 d5 35. exd5 Bxd5 36. Ra1 Kg7 37. Kf2 h6 38. gxh6+ Kxh6 39. Ra7 Kg7 40. Rd7
Rb8 41. Rd6 Kf6 42. Re2 Rc5 43. Re1 Ke7 44. Ra6 Rc3 45. Ra7+ Kf6 46. Rd7 Rh8 47.
Kg3 Ra8 48. Kg4 Ra2 49. h4 Ra5 50. Rf1 Bg2 51. Rg1 Bd5 52. Rf1 Kg7 53. Re1 Kf8
54. Rd8+ Ke7 55. Rb8 Bxb3 56. cxb3 Rxd3 57. Rxb4 Ra2 58. Rg1 Rb2 59. Rb7+ Kf8
60. h5 gxh5+ 61. Kxh5 Rh2+ 62. Kg4 Rh7 63. Rb8+ Ke7 64. Rg8 Rxb3 65. Rg2 f5+ 66.
Kg5 Kf7 67. Rg6 Rbh3 68. Rf6+ Ke7 69. Rxe6+ Kxe6 70. Re2+ Kf7 71. Kxf5 R3h5+ 72.
Ke4 Kf6 73. Ra2 Re7+ 74. Kf3 Rh3+ 75. Kg4 Rhe3 76. Ra6+ R7e6 77. Ra5 Rb6 78.
Rf5+ Ke6 79. Ra5 Re1 80. Ra4 Rg1+ 81. Kf3 Rb3+ 82. Ke4 Re1+ 83. Kd4 Kf5 84. Ra8
Re4+ 85. Kd5 Kxf4 86. Rf8+ Ke3 87. Rh8 Rb5+ 88. Kc6 Ra5 89. Rd8 Re6+ 90. Kb7 Rh5
91. Rd7 Ke4 92. Rf7 Ke5 93. Rd7 0-1

[Event "32nd ECC Women 2016"]
[Site "Novi Sad SRB"]
[Date "2016.11.12"]
[Round "7.2"]
[Board "1"]
[White "Dzagnidze, Nana"]
[Black "Kashlinskaya, Alina"]
[Result "1-0"]
[WhiteTitle "GM"]
[BlackTitle "IM"]
[WhiteElo "2507"]
[BlackElo "2450"]
[WhiteTeam "NONA Batumi"]
[BlackTeam "SHSM Legacy Square Moscow"]
[WhiteFideId "13601903"]
[BlackFideId "4198026"]
[EventDate "2016.11.06"]

1. Nf3 d5 2. b3 Bg4 3. Bb2 Nf6 4. g3 Nc6 5. d4 Qd7 6. Ne5 Nxe5 7. dxe5 Ng8 8.
Bg2 O-O-O 9. Nc3 d4 10. Ne4 Qb5 11. f4 e6 12. Qd3 Qa5+ 13. Kf2 f6 14. a3 fxe5
15. b4 Qb6 16. fxe5 Nh6 17. Rhd1 Bxb4 18. axb4 Rhf8+ 19. Ke1 Nf5 20. Bc1 Bh5 21.
Bd2 Be8 22. Ra5 Bc6 23. Rda1 Ne3 24. Bf3 a6 25. Rc5 Kb8 26. Rb1 Bb5 27. c4 dxc3
28. Qxe3 cxd2+ 29. Nxd2 g5 30. Qxg5 a5 31. Qe3 a4 32. Ne4 Bc4 33. Kf2 Ba2 34.
Rb2 Bd5 35. Nf6 Bxf3 36. Qxf3 Rf7 37. Qe3 Rd1 38. Rd2 Rxd2 39. Qxd2 Kc8 40. e3
a3 41. Ra5 1-0

[Event "32nd ECC Women 2016"]
[Site "Novi Sad SRB"]
[Date "2016.11.12"]
[Round "7.2"]
[Board "2"]
[White "Pustovoitova, Daria"]
[Black "Batsiashvili, Nino"]
[Result "1/2-1/2"]
[WhiteTitle "FM"]
[BlackTitle "IM"]
[WhiteElo "2427"]
[BlackElo "2489"]
[WhiteTeam "SHSM Legacy Square Moscow"]
[BlackTeam "NONA Batumi"]
[WhiteFideId "4182146"]
[BlackFideId "13602993"]
[EventDate "2016.11.06"]

1. Nf3 d5 2. d4 Nf6 3. c4 e6 4. g3 dxc4 5. Bg2 Bb4+ 6. Bd2 c5 7. Bxb4 cxb4 8.
Qa4+ Nc6 9. Ne5 O-O 10. Nxc6 bxc6 11. Qxb4 Qxd4 12. Bxc6 Nd5 13. Qd2 Qxd2+ 14.
Nxd2 Rb8 15. Bxd5 exd5 16. O-O-O Re8 17. Rhe1 Bg4 18. Nb1 Rbd8 19. f3 Bh5 20. g4
Bg6 21. Na3 h5 22. h3 a6 23. Rd4 hxg4 24. hxg4 Re5 25. f4 Re4 26. Nc2 Rde8 27.
e3 Rxd4 28. Nxd4 Be4 29. Kd2 Kf8 30. Re2 Ke7 31. Rh2 Kd6 32. Rh5 Rb8 33. Kc3 Re8
34. Rh3 Bb1 35. a3 Be4 36. Rh2 Rb8 37. Rh5 Re8 38. Kd2 Rb8 39. Kc3 Re8 40. Rh3
Rb8 1/2-1/2